LEADER 00816nam 2200277 450 001 996688073003316 005 20260221191905.0 100 $a20251124d1980----km y0itay5003 ba 101 0 $aita 102 $aIT 105 $ay 00 y 200 1 $aAllitterazione intensive in Lucrezio$fC. Petruzziello 210 $aNapoli$cLoffredo$d[1980] 215 $a[301]-317 p.$d25 cm 300 $aTitolo della copertina 300 $aEstratto da: Vichiana, nuova serie, anno 9, fasc. 3 (1980) 606 0 $aAllitterazioni$2BNCF 676 $a808.032 700 1$aPETRUZZIELLO,$bCarla$01857055 801 0$aIT$bcba$gREICAT 912 $a996688073003316 951 $aXVI.7.Misc. 581$b587 FBUO$cXVI.7.Misc. 959 $aBK 969 $aFBUO 996 $aAllitterazione intensive in Lucrezio$94457585 997 $aUNISA